| 000 | 00575nam a2200205 a 4500 | ||
|---|---|---|---|
| 001 | 000018690 | ||
| 005 | 20200929165835.0 | ||
| 008 | 100513s1989 cu r 000 p spa d | ||
| 040 |
_aDO-SdBNP _bspa _cBNPHU |
||
| 082 |
_aCU861.44 _bA921t |
||
| 100 | 1 |
_aAugier, Ángel I., _d1910- _99779 |
|
| 245 | 1 | 0 |
_aTodo el mar en la ola / _cÁngel Augier. |
| 260 |
_aLa Habana : _bUnión, _c1989. |
||
| 300 |
_a118 p. ; _c19 cm. |
||
| 490 | 1 | _aContemporaneos | |
| 650 | 4 |
_aPoesía cubana _95226 |
|
| 650 | 4 |
_aLiteratura cubana _91483 |
|
| 830 | 0 |
_aContemporaneos _96941 |
|
| 049 | _aBNGR | ||
| 999 |
_c18210 _d18210 |
||